Шамайка: повесть; для среднего возраста

Bibliografiset tiedot
Päätekijä: Коваль Ю. И. Юрий Иосифович
Muut tekijät: Варшамов Р. А. (иллюстратор)
Kieli:venäjä
Julkaistu: Москва, Детская литература, 1992
Aiheet:
Aineistotyyppi: Kirja
KOHA link:https://koha.lib.tpu.ru/cgi-bin/koha/opac-detail.pl?biblionumber=154688

MARC

LEADER 00000nam0a2200000 4500
001 154688
005 20231031152006.0
010 |a 5080035889 
020 |a RU  |b 92-31812 
035 |a (RuTPU)RU\TPU\book\167785 
090 |a 154688 
100 |a 20090303d1992 d y0rusy5003 ca 
101 0 |a rus 
102 |a RU 
105 |a a z 000ay 
200 1 |a Шамайка  |e повесть   |e для среднего возраста  |f Ю. И. Коваль  |g худож. Р. А. Варшамов 
210 |a Москва  |c Детская литература  |d 1992 
215 |a 127 с.  |c ил.  |d 22 см 
610 1 |a Кошки 
610 1 |a детская литература 
610 1 |a повести 
675 |a Р2  |z rus 
700 1 |a Коваль  |b Ю. И.  |g Юрий Иосифович  |4 070 
702 1 |a Варшамов  |b Р. А.  |4 440 
801 0 |a RU  |b RuMRKP  |c 19950417  |g psbo 
801 1 |a RU  |b 63413507  |c 20090303  |g PSBO 
801 2 |a RU  |b 63413507  |c 20090303  |g PSBO 
942 |c BK